000 00482nam a2200181 a 4500
005 20140412111234.0
008 010530s19uu xx 00 eng d
020 _a0-7445-5279-6
050 _aER
_bId5 1996
100 _aWest, Colin
245 _a"I don't care!" said the bear /
_cColin West.
260 _aLondon :
_bWalker Books,
_c1996.
300 _a1v. (unp.) ; ill.
440 _aThe Giggle Club
650 _aBears-Stories
650 _aBears-Fiction
999 _c102365
_d102365